000 00703nam a2200217Ia 4500
005 20220204152311.0
008 210716s2009 xx 000 0 und d
020 _a9788131512425
040 _cAIMIT LIBRARY
041 _aeng
082 _a658.4
_21
_bMOOG
100 _aMoorhead, Gregory.
_916851
245 _aIntroduction to organizational behavior /
_cBy Gregory Moorhead and Ricky W. Griffin
250 _a1st ed.
260 _aNew Delhi :
_bCengage Learning India Pvt Ltd ,
_c2009 .
300 _a475p. ;
_c24cm.
650 _aOrganizations and individuals
_916852
650 _aProcesses in organizations
_916853
700 _aGriffin, Ricky W.
_916854
942 _2ddc
_cBK
_e1st
_k658.4 MOOG
999 _c204069
_d204069